đŸŽ¶ Paroles "Novembre" Oldelaf - Statistiques

Statistiques générales
  • Ce quiz a Ă©tĂ© pris 19 fois
  • Le rĂ©sultat moyen est 235 sur 316
Statistiques - réponses
Mots % Correct
A
100%
Ă 
100%
ai
100%
c'
100%
C'
100%
ce
100%
de
100%
es
100%
est-
100%
est
100%
et
100%
j'
100%
J'
100%
l'
100%
la
100%
lĂ 
100%
le
100%
Mais
100%
Moi,
100%
N'
100%
n'
100%
novembre ?
100%
novembre,
100%
Novembre !
100%
qu'
100%
Qu'
100%
que
100%
qui
100%
S'
100%
t'
100%
au
93%
des
93%
en
93%
froid
93%
les
93%
mon
93%
on
93%
On
93%
pas
93%
peu
93%
si
93%
Si
93%
Tu
93%
tu
93%
un
93%
as
86%
ça
86%
elles
86%
Faut
86%
faut
86%
il
86%
je
86%
plait
86%
pour
86%
Pour
86%
te
86%
était
79%
fait
79%
peur
79%
quoi
79%
sur
79%
une
79%
aimes
71%
bon,
71%
bon
71%
faute.
71%
notre
71%
nous
71%
pris ?
71%
quand
71%
soient
71%
suis
71%
avait
64%
comment
64%
été.
64%
faire
64%
maintenant
64%
maint'nant ?
64%
moment ?
64%
nuit ?
64%
tout
64%
Va
64%
ans
57%
ans.
57%
autres
57%
dans
57%
mĂȘme
57%
nos
57%
printemps
57%
printemps.
57%
seul,
57%
seul.
57%
six
57%
toujours
57%
veux
57%
allait
50%
alors
50%
Car
50%
chose
50%
con ?
50%
doigts
50%
reste
50%
vois
50%
Ben
43%
chambres ?
43%
chante
43%
couper
43%
décembre
43%
dégoute
43%
explique,
43%
explique
43%
fond,
43%
jouer
43%
pouvoir
43%
prends
43%
quelque
43%
rester
43%
roses
43%
voit
43%
30
36%
bonhomme
36%
fortes
36%
juste
36%
piquent
36%
rit
36%
cafés.
29%
comprendre,
29%
concert,
29%
content ?
29%
espérer !
29%
Laisse
29%
parce
29%
Paris
29%
serais
29%
telle
29%
terrasse
29%
verre,
29%
abattes
21%
bagage,
21%
chape
21%
croyait
21%
dégager !
21%
falloir
21%
graines
21%
hante,
21%
joli,
21%
miroiter,
21%
plante
21%
plomb,
21%
plonger
21%
poussent
21%
quelques
21%
rimes,
21%
voyage,
21%
doucement
14%
film,
14%
panse
14%
peines
14%
ruines
14%
Aucun quiz correspondant
Distribution des résultats
% des personnes avec chaque résultat
Percentile par nombre de réponses
Votre historique - résultats
Vous n’avez pas pris ce quiz